[Event "Lovfalds 13th F"]
[Site "Ringsted"]
[Date "1999.09.17"]
[Round "1"]
[White "Petersen, Jimmy"]
[Black "Vilsgaard, Lars"]
[Result "1-0"]
[WhiteElo "1170"]
[BlackElo "1174"]
[PlyCount "77"]
[EventDate "1999.09.17"]
[EventType "swiss"]
[EventRounds "5"]
[EventCountry "DEN"]
[SourceTitle "EXT 2023"]
[Source "ChessBase"]
[SourceDate "2022.10.05"]
[SourceVersion "1"]
[SourceVersionDate "2022.10.05"]
[SourceQuality "1"]

1. e4 e5 2. Nf3 Nc6 3. Bb5 d6 4. d4 Bd7 5. Nc3 Nf6 6. 0-0 a6 7. Bxc6 Bxc6 8. dxe5 Nxe4 9. Nxe4 Bxe4 10. Ng5 Bg6 11. e6 f6 12. Nf7 Bxf7 13. exf7+ Kxf7 14. Qd5+ Ke8 15. Qxb7 Be7 16. Qc6+ Kf8 17. Bf4 g5 18. Be3 Qe8 19. Qc4 Qd7 20. f4 g4 21. f5 Rg8 22. Bh6+ Rg7 23. Bxg7+ Kxg7 24. Qxg4+ Kh8 25. Rae1 d5 26. Qh4 Bc5+ 27. Kh1 Qg7 28. Rf3 Bd6 29. Qh5 Rg8 30. g3 Be5 31. Rxe5 fxe5 32. f6 Qg6 33. Qxe5 Qf7 34. Rc3 Rc8 35. Rc6 a5 36. Re6 Rb8 37. Re7 Rxb2 38. Rxf7 Rb1+ 39. Kg2 1-0